000 00230nam a2200097Ia 4500
008 170619s9999 xx 000 0 und d
100 _aEhrlich E
245 0 _aPunctuation capitalization & ….
260 _bNew Delhi: TMH
260 _c1992
546 _aENGLISH
999 _c16396
_d16396